• 首页
  • 本馆介绍
  • 公告通知
  • 最新文献
  • 馆藏检索
  • 电子资源
  • 读者导购
  • 参考咨询
  • 我的图书馆
  • 登录
  • 详细信息显示
  • 放入我的书架
  • 预约/预借图书
  • 作者相关作品
  • 分类相关作品
  • 丛书相关作品
  • 出版社相关作品

书目信息

  • 表格格式
  • 工作单格式
  • 卡片格式
题名:
现代线性系统
    
 
作者: 斯特拉姆 , 柯克 著 ;刘树棠 译
分册:  
出版信息: 西安   西安交通大学出版社  2002
页数: 12,671页
开本: 24cm
丛书名: BookWare系列丛书
单 册:
中图分类: O231.1
科图分类:
主题词: 算法语言--应用--线性系统
电子资源:
ISBN: 7-5605-1521-5
000 01227oam2 2200313 45
001 070000094579
005 20050913160824.90
010    @a7-5605-1521-5@dCNY65.00
100    @a20041231d2002 ekmy0chiy0120 ea
101 1  @achi@ceng
102    @aCN@b610000
105    @aa z 000yy
200 1  @a现代线性系统@Axian dai xian xing xi tong@e使用MATLAB@d= Contempoary Linear Systems@f(美)罗伯特·D.斯特拉姆,(美)唐纳德·E.柯克著@F(mei)luo bo te·D.si te la mu,(mei)tang na de·E.ke ke zhu@g刘树棠译@zeng
210    @a西安@c西安交通大学出版社@d2002
215    @a12,671页@c照片@d24cm
225 2  @aBookWare系列丛书@v3
306    @a美国Thomson Learning出版集团授权出版
330    @a本书包括信号与序列、连续/离散系统、拉普拉斯变换/z变换和应用、连续/离散系统频率响应、连续时间傅里叶级数和变换/离散傅里叶变换,以及连续系统/离散系统状态空间论述等内容。
410  0 @12001 @aBookWare系列丛书
510 1  @aContempoary Linear Systems@eUsing MATLAB@zeng
606 0  @a算法语言@x应用@x线性系统
610 0  @aMATLAB
690    @aO231.1@v4
701  0 @a斯特拉姆@Asi te la mu@4著
701  0 @a柯克@Ake ke@4著
702  0 @a刘树棠@Aliu shu tang@4译
801  0 @aCN@bTSSF@c20050913
905    @a10447@dO231.1@e27
999    @aAFJ
    
    现代线性系统:使用MATLAB= Contempoary Linear Systems/(美)罗伯特·D.斯特拉姆,(美)唐纳德·E.柯克著/刘树棠译.-西安:西安交通大学出版社,2002
    12,671页:照片;24cm.-(BookWare系列丛书;3)
    
    
    ISBN 7-5605-1521-5:CNY65.00
    本书包括信号与序列、连续/离散系统、拉普拉斯变换/z变换和应用、连续/离散系统频率响应、连续时间傅里叶级数和变换/离散傅里叶变换,以及连续系统/离散系统状态空间论述等内容。
●
相关链接 在E读中查询图书 在五车中查询图书 在当当中查询图书 在豆瓣中查询图书


正题名:现代线性系统     索取号:O231.1/27         预约/预借

序号 登录号 条形码 馆藏地/架位号 状态 备注
1 0360800   3608000   第二样本阅览室/ [索取号:O231.1/27] 在馆    
2 0360801   3608019   第三借阅区/ [索取号:O231.1/27] 在馆    
3 0360802   3608028   第三借阅区/ [索取号:O231.1/27] 在馆    
4 0360803   3608037   第三借阅区/ [索取号:O231.1/27] 在馆    
5 0360804   3608046   第三借阅区/ [索取号:O231.1/27] 在馆    
唐山师范学院图书馆 欢迎您!
大连网信软件有限公司© 版权所有